Science Quiz

Random Science or Oceania Quiz

World Famous in New Zealand - Science Quiz Stats

 Plays Quiz not verified by Sporcle

Score 0/14 Timer 05:00
0 Plays Today
% Correct
kiwi
78.9%
bat
77.2%
New Zealand
76.3%
snails
75.4%
Pacific
73.7%
Aoraki/Mount Cook
67.5%
Gondwanaland
64%
% Correct
Roman
63.2%
flightless
63.2%
evolving
60.5%
Tuatara
59.6%
Southern Alps
55.3%
Whakaari/White Island
54.4%
Ruapehu
40.4%

You're not logged in!

Compare scores with friends on all Sporcle quizzes.
OR
Log In

Sporcle TV

Today on Sporcle TV


Watch our educational content, quiz creation guides, and fun videos on Sporcle TV.

Show Comments

Extras

Top Quizzes Today


Score Distribution

Your Account Isn't Verified!

In order to create a playlist on Sporcle, you need to verify the email address you used during registration. Go to your Sporcle Settings to finish the process.

Report this User

Report this user for behavior that violates our Community Guidelines.

Details: